|
|
|
|
| LEADER |
00000cam a22000004a 4500 |
| 001 |
musev2_44455 |
| 003 |
MdBmJHUP |
| 005 |
20230905044643.0 |
| 006 |
m o d |
| 007 |
cr||||||||nn|n |
| 008 |
140901s2013 sp o 00 0 spa d |
| 020 |
|
|
|a 9788484397229
|
| 020 |
|
|
|z 9788484395805
|
| 035 |
|
|
|a (OCoLC)891389537
|
| 040 |
|
|
|a MdBmJHUP
|c MdBmJHUP
|
| 245 |
0 |
0 |
|a Fisioterapia y adulto mayor /
|c María Catalina Osuna Perez.
|
| 264 |
|
1 |
|a Jaen :
|b Universidad de Jaen,
|c 2013.
|
| 264 |
|
3 |
|a Baltimore, Md. :
|b Project MUSE,
|c 2022
|
| 264 |
|
4 |
|c ©2013.
|
| 300 |
|
|
|a 1 online resource.
|
| 336 |
|
|
|a text
|b txt
|2 rdacontent
|
| 337 |
|
|
|a computer
|b c
|2 rdamedia
|
| 338 |
|
|
|a online resource
|b cr
|2 rdacarrier
|
| 490 |
0 |
|
|a Colección Mayor ;
|v volumen 2
|
| 500 |
|
|
|a Contiene índice.
|
| 520 |
3 |
|
|a Este libro, realizado por fisioterapeutas, pretende que el/la lector/a conozca de una forma sencilla los cambios físicos inherentes al proceso de envejecimiento.
|
| 588 |
|
|
|a Description based on print version record.
|
| 650 |
|
7 |
|a Physical therapy.
|2 fast
|0 (OCoLC)fst01062771
|
| 650 |
|
7 |
|a Aging.
|2 fast
|0 (OCoLC)fst00800293
|
| 650 |
|
7 |
|a Fisioterapia para ancianos.
|2 embne
|
| 650 |
|
4 |
|a Anciano.
|
| 650 |
|
4 |
|a Terapia física.
|
| 650 |
|
0 |
|a Aging.
|
| 650 |
|
0 |
|a Physical therapy.
|
| 655 |
|
4 |
|a Recursos electrónicos.
|
| 655 |
|
4 |
|a Libros electrónicos.
|
| 655 |
|
7 |
|a Electronic books.
|2 local
|
| 700 |
1 |
|
|a Osuna Perez, María Catalina,
|e editora.
|
| 710 |
2 |
|
|a Project Muse.
|e distributor
|
| 856 |
4 |
0 |
|z Texto completo
|u https://projectmuse.uam.elogim.com/book/44455/
|
| 945 |
|
|
|a Project MUSE - Custom Collection
|